000 01149nam a22002417a 4500
999 _c58148
_d58148
003 Ge_BSU
005 20210701124516.0
008 210701s2021 ge ||||| |||| 00| 0 geo d
020 _a9789941266509
041 _ageo
080 _a929.5(479.22) + 821 ფ-97
100 _aფუტკარაძე, თამაზ
_912170
245 _aდიასამიძეები /
_cთამაზ ფუტკარაძე, მიხეილ დიასამიძე; რედ. ბიჭიკო დიასამიძე.
264 _aთბილისი :
_bუნივერსალი,
_c2021.
300 _a384 გვ. ;
_b20 სმ.
504 _aბიბლიოგრ. გვ. 368-375
653 _aდიასამიძეთა გვარის გენიალოგია
653 _aსაგვარეულოს ისტორია
653 _aისტორიოგრაფია
700 _aდიასამიძე, მიხეილ
_eავტორი
_912171
700 _aდიასამიძე, ბიჭიკო
_eრედაქტორი
_912172
942 _2udc
_cBK